Опыт внедрения научной организации труда на предприятиях Новосибирскэнерго: материалы научно-технической конференции, г. Новосибирск, 1970 г.

Detalles Bibliográficos
Autor Corporativo: Сибирский научно-исследовательский институт энергетики
Idioma:ruso
Publicado: Новосибирск, 1970
Subjects:
Formato: Libro
KOHA link:https://koha.lib.tpu.ru/cgi-bin/koha/opac-detail.pl?biblionumber=104090

MARC

LEADER 00000nam0a2200000 4500
001 104090
005 20231031113846.0
035 |a (RuTPU)RU\TPU\book\112202 
090 |a 104090 
100 |a 20061026d1970 m y0rusy50 ca 
101 0 |a rus 
102 |a RU 
105 |a y z 001zy 
200 1 |a Опыт внедрения научной организации труда на предприятиях Новосибирскэнерго  |e материалы научно-технической конференции, г. Новосибирск, 1970 г.  |f Сибирский научно-исследовательский институт энергетики 
210 |a Новосибирск  |d 1970 
215 |a 170 с. 
320 |a Библиогр.: с. 170. 
610 1 |a научная организация труда 
610 1 |a энергетика 
610 1 |a предприятия 
610 1 |a Новосибирск 
610 1 |a конференции 
675 |a 620.9(063)  |v 3 
712 0 2 |a Сибирский научно-исследовательский институт энергетики  |2 stltpush  |3 (RuTPU)RU\TPU\col\8801 
801 1 |a RU  |b 63413507  |c 20061026  |g PSBO 
801 2 |a RU  |b 63413507  |c 20070321  |g PSBO 
942 |c BK